000 00920nam a22002177a 4500
008 240402s2009 xxk|||||r|||| 00| 0 eng d
041 _aeng
100 _aChallinor, Deborah
110 _aRoyal Institution of Chartered Surveyors
245 _aThe top ten business models for management consultancy surveyors
260 _aLondon,
_bRoyal Institution of Chartered Surveyors,
_cNovember 2009
300 _a31p.
490 _aRICS Management Consultancy
520 _aCovers information about ten different models: PEST, SWOT, Porter's five focus, Stategic positioning, Boston Consulting Group - Growth Share Matrix, Value Chain, McKinsey 7-S framework, root cause, forece field analysis, problem framing.
650 _aMANAGEMENT CONSULTANCY
650 _aSTRATEGY
651 _aInternational
690 _aBusiness and management
_96226
710 _aRoyal Institution of Chartered Surveyors
942 _n0
999 _c121876
_d121876